დემოკრატიის პროექტი : (ბიბ.ჩანაწერი № 46203)
[ მარტივი ფორმატი ]
| 000 -ლიდერი | |
|---|---|
| ფიქსირებული სიგრძის საკონტროლო ველი | 01731nam a2200301Ia 4500 |
| 001 - საკონტროლო ნომერი | |
| საკონტროლო ველი | 13036 |
| 003 - საკონტროლო ნომრის იდენტიფიკატორი | |
| საკონტროლო ველი | GE_BSU |
| 005 - ბოლო ოპერაციის თარიღი და დრო | |
| საკონტროლო ველი | 20240710171415.0 |
| 008 - ფიქსირებული სიგრძის მონაცემთა ელემენტები - ზოგადი ინფორმაცია | |
| ფიქსირებული სიგრძის საკონტროლო ველი | 181216s2014||||ge |||||||||||||| ||geo|| |
| 020 ## - წიგნის საერთაშორისო სტანდარტული ნომერი | |
| International Standard Book Number | 9789941451621 |
| 040 ## - კატალოგიზაციის წყარო | |
| Transcribing agency | GE_BSU |
| 041 ## - ენის კოდი | |
| Language code of text/sound track or separate title | geo |
| 080 ## - უნივერსალური ათობითი კლასიფიკაციის ინდექსი | |
| Universal Decimal Classification number | 321.7 გ-79 |
| 100 ## - მთავარი ჩანაწერი - პიროვნების სახელი | |
| Personal name | გრებერი, დევიდ |
| 9 (RLIN) | 22796 |
| 245 ## - ცნობა სათაურის შესახებ | |
| Title | დემოკრატიის პროექტი : |
| Remainder of title | ისტორია, კრიზისი, მოძრაობა = The democracy project : a history, a crisis, a movement / |
| Statement of responsibility, etc | დევიდ გრებერი ; მთარგმნ. თეა მარგველაშვილი ; რედ. ნათია მენაბდე. |
| 264 ## - წარმოების, გამოცემის, დისტრიბუციის და სხვა ცნობები | |
| გამოცემის, წარმოების, დისტრიბუციის... ადგილი | თბილისი : |
| გამოცემის, წარმოების, დისტრიბუციის... სახელწოდება | საუნჯე, |
| გამოცემის, წარმოების, დისტრიბუციის... თარიღი | 2014. |
| 300 ## - ფიზიკური აღწერა | |
| Extent | 361გვ. ; |
| Dimensions | 21 სმ. |
| 490 ## - სერიის ცნობა | |
| Series statement | რადარამის წიგნები |
| Volume number/sequential designation | 13 |
| 500 ## - ზოგადი შენიშვნა | |
| General note | ყუაზე : [წ.] 13 გამოცემულია ფონდ "ღია საზოგადოება - საქართველოს" ფინანსური მხარდაჭერით. |
| 500 ## - ზოგადი შენიშვნა | |
| General note | გამოცემულია ფონდ "ღია საზოგადოება - საქართველოს" ფინანსური მხარდაჭერით |
| 653 ## - INDEX TERM--UNCONTROLLED | |
| Uncontrolled term | დემოკრატია |
| 653 ## - INDEX TERM--UNCONTROLLED | |
| Uncontrolled term | ისტორია |
| 653 ## - INDEX TERM--UNCONTROLLED | |
| Uncontrolled term | კრიზისი |
| 653 ## - INDEX TERM--UNCONTROLLED | |
| Uncontrolled term | მოძრაობა |
| 700 ## - ADDED ENTRY--PERSONAL NAME | |
| Personal name | მარგველაშვილი, თეა |
| Relator term | მთარგმნელი |
| 9 (RLIN) | 22797 |
| 700 ## - ADDED ENTRY--PERSONAL NAME | |
| Personal name | მენაბდე, ნათია |
| Relator term | რედაქტორი |
| 9 (RLIN) | 22798 |
| 942 ## - ADDED ENTRY ELEMENTS (KOHA) | |
| Koha item type | წიგნი |
| Source of classification or shelving scheme | |
| ჩამოწერის სტატუსი | დაკარგული ეგზემპლარის სტატუსი | კლასიფიკაციის წყარო ან თაროზე გაწყობის სქემა | დაზიანების სტატუსი | არ გაიცემა | მუდმივი მდებარეობა (დაცვის ადგილი) | ამჟამინდელი ადგილსამყოფელი | თაროზე განთავსების ადგილი | შეძენის თარიღი | სრული შენახვის შიფრი | შტრიხკოდი | ბოლო ოპერაციის თარიღი | ეგზემპლარის მიმდევრობითი ნომერი (კეტერი?) | ფასის ძალაში შესვლის თარიღი | ეგზემპლარის სახეობა |
|---|---|---|---|---|---|---|---|---|---|---|---|---|---|---|
| ბათუმის შოთა რუსთაველის სახელმწიფო უნივერსიტეტის მთავარი ბიბლიოთეკა | ბათუმის შოთა რუსთაველის სახელმწიფო უნივერსიტეტის მთავარი ბიბლიოთეკა | წიგნსაცავი | 2018-12-17 | 321.7 გ-79 | 27118 | 2018-12-17 | 27118 | 2018-12-17 | წიგნი | |||||
| ბათუმის შოთა რუსთაველის სახელმწიფო უნივერსიტეტის მთავარი ბიბლიოთეკა | ბათუმის შოთა რუსთაველის სახელმწიფო უნივერსიტეტის მთავარი ბიბლიოთეკა | წიგნსაცავი | 2018-12-17 | 321.7 გ-79 | 27119 | 2018-12-17 | 27119 | 2018-12-17 | წიგნი | |||||
| ბათუმის შოთა რუსთაველის სახელმწიფო უნივერსიტეტის მთავარი ბიბლიოთეკა | ბათუმის შოთა რუსთაველის სახელმწიფო უნივერსიტეტის მთავარი ბიბლიოთეკა | წიგნსაცავი | 2018-12-17 | 321.7 გ-79 | 27120 | 2018-12-17 | 27120 | 2018-12-17 | წიგნი | |||||
| ბათუმის შოთა რუსთაველის სახელმწიფო უნივერსიტეტის მთავარი ბიბლიოთეკა | ბათუმის შოთა რუსთაველის სახელმწიფო უნივერსიტეტის მთავარი ბიბლიოთეკა | წიგნსაცავი | 2018-12-17 | 321.7 გ-79 | 27121 | 2018-12-17 | 27121 | 2018-12-17 | წიგნი | |||||
| ბათუმის შოთა რუსთაველის სახელმწიფო უნივერსიტეტის მთავარი ბიბლიოთეკა | ბათუმის შოთა რუსთაველის სახელმწიფო უნივერსიტეტის მთავარი ბიბლიოთეკა | წიგნსაცავი | 2018-12-17 | 321.7 გ-79 | 27122 | 2018-12-17 | 27122 | 2018-12-17 | წიგნი | |||||
| ბათუმის შოთა რუსთაველის სახელმწიფო უნივერსიტეტის მთავარი ბიბლიოთეკა | ბათუმის შოთა რუსთაველის სახელმწიფო უნივერსიტეტის მთავარი ბიბლიოთეკა | წიგნსაცავი | 2018-12-17 | 321.7 გ-79 | 27123 | 2018-12-17 | 27123 | 2018-12-17 | წიგნი | |||||
| ბათუმის შოთა რუსთაველის სახელმწიფო უნივერსიტეტის მთავარი ბიბლიოთეკა | ბათუმის შოთა რუსთაველის სახელმწიფო უნივერსიტეტის მთავარი ბიბლიოთეკა | წიგნსაცავი | 2018-12-17 | 321.7 გ-79 | 27124 | 2018-12-17 | 27124 | 2018-12-17 | წიგნი | |||||
| ბათუმის შოთა რუსთაველის სახელმწიფო უნივერსიტეტის მთავარი ბიბლიოთეკა | ბათუმის შოთა რუსთაველის სახელმწიფო უნივერსიტეტის მთავარი ბიბლიოთეკა | წიგნსაცავი | 2018-12-17 | 321.7 გ-79 | 27125 | 2018-12-17 | 27125 | 2018-12-17 | წიგნი | |||||
| ბათუმის შოთა რუსთაველის სახელმწიფო უნივერსიტეტის მთავარი ბიბლიოთეკა | ბათუმის შოთა რუსთაველის სახელმწიფო უნივერსიტეტის მთავარი ბიბლიოთეკა | წიგნსაცავი | 2018-12-17 | 321.7 გ-79 | 27126 | 2018-12-17 | 27126 | 2018-12-17 | წიგნი | |||||
| ბათუმის შოთა რუსთაველის სახელმწიფო უნივერსიტეტის მთავარი ბიბლიოთეკა | ბათუმის შოთა რუსთაველის სახელმწიფო უნივერსიტეტის მთავარი ბიბლიოთეკა | წიგნსაცავი | 2018-12-17 | 321.7 გ-79 | 27127 | 2018-12-17 | 27127 | 2018-12-17 | წიგნი |
